Charakteristiky vybraných termicky striekaných povlakov z čadiča = Characteristics of the thermal injected coatings from basalt : Diplomová práca

Saved in:
Bibliographic Details
Main Author: Čiernik, Jaroslav (Author)
Other Authors: Riedlmajer, Robert, 1966- (xxx)
Format: Manuscript Book
Language:Slovak
Published: Trnava : STU v Bratislave MTF UMAT, 2009
Subjects:
Tags: Add Tag
No Tags, Be the first to tag this record!

MARC

LEADER 00000ntm a22000003a 4500
001 stu180078
005 20160719160121.2
008 090213s2009----xo------------------slo-d
040 |a STU  |b slo 
041 0 |a slo 
044 |a xo 
100 1 |a Čiernik, Jaroslav  |4 aut 
245 1 |a Charakteristiky vybraných termicky striekaných povlakov z čadiča = Characteristics of the thermal injected coatings from basalt :  |b Diplomová práca 
260 |a Trnava :  |b STU v Bratislave MTF UMAT,  |c 2009 
300 |a 63 s  |c 1 CD-ROM 
500 |a Študijný program: technické materiály 
500 |a Študijný odbor: 5.2.26 materiály 
650 7 |a čadič  |2 stusub 
650 7 |a plazmové striekanie  |2 stusub 
650 7 |a mikroskopická analýza  |2 stusub 
700 1 |a Riedlmajer, Robert,  |d 1966-  |4 xxx  |u M1000  |U MTF Materiálovotechnologická fakulta  |T MTF Ústav materiálov  |X 235  |U M1000  |Y 81  |7 A000000235 
996 |b 284M069662  |c M*DP-7561  |l MMSKP  |s P  |a 0  |w stu180078_0001